000 00712nam a2200241Ia 4500
008 160418s9999 xx 000 0 und d
020 _a971-23-3681-6
050 _aFIL PL 6054
050 _b.S26 2003
100 _aSantiago, Alfonso O.
245 _aMakabagong balarilang Filipino /
245 _cAlfonso O. Santiago, Norma G. Tiangco.
250 _aBinagong Edisyon
260 _aManila :
260 _bRex Book Store, Inc.,
260 _c2003
300 _a287 pages :
300 _billustrations ;
300 _c22 cm.
500 _aIncludes bibliographical references and index.
650 _aFilipino language -- Study and teaching (Higher).
650 _xFilipino language -- Grammar.
999 _c293438
_d293438